[Event "World Rapid Women 2018"]
[Site "St Petersburg RUS"]
[Date "2018.12.28"]
[Round "12.1"]
[White "Abdumalik, Zhansaya"]
[Black "Ju, Wenjun"]
[Result "1/2-1/2"]
[WhiteTitle "IM"]
[BlackTitle "GM"]
[WhiteElo "2470"]
[BlackElo "2575"]
[WhiteFideId "13703544"]
[BlackFideId "8603006"]
[EventDate "2018.12.26"]

1. e4 e5 2. Nf3 Nf6 3. Nxe5 d6 4. Nf3 Nxe4 5. Nc3 Nf6 6. d4 Be7 7. h3 O-O 8. Bd3
b6 9. Bg5 Bb7 10. Qd2 c5 11. O-O-O Nbd7 12. Kb1 a6 13. Rhe1 Bxf3 14. gxf3 cxd4
15. Ne2 Re8 16. Nxd4 Bf8 17. Rg1 Kh8 18. f4 Qc7 19. f3 Nh5 20. Rg4 g6 21. f5 Ne5
22. Rh4 Bg7 23. Rxh5 gxh5 24. f6 Bf8 25. Be4 Rac8 26. Bh6 Ng6 27. Nf5 d5 28. Bd3
Qe5 29. Bg7+ Bxg7 30. fxg7+ Kg8 31. Rg1 Rc6 32. a3 1/2-1/2

[Event "World Rapid Women 2018"]
[Site "St Petersburg RUS"]
[Date "2018.12.28"]
[Round "12.2"]
[White "Tan, Zhongyi"]
[Black "Khademalsharieh, Sarasadat"]
[Result "1/2-1/2"]
[WhiteTitle "GM"]
[BlackTitle "IM"]
[WhiteElo "2508"]
[BlackElo "2470"]
[WhiteFideId "8603642"]
[BlackFideId "12512214"]
[EventDate "2018.12.26"]

1. d4 Nf6 2. Bg5 c5 3. d5 Ne4 4. Bf4 Qb6 5. Bc1 e6 6. f3 Nf6 7. e4 exd5 8. exd5
Be7 9. c4 O-O 10. Bd3 d6 11. Ne2 Nbd7 12. f4 Qa5+ 13. Bd2 Qd8 14. Nbc3 a6 15. a4
Rb8 16. O-O Re8 17. Ng3 Nf8 18. Qc2 Bd7 19. b3 Qc8 20. Rae1 Bd8 21. f5 Rxe1 22.
Rxe1 b5 23. Bf4 bxa4 24. bxa4 Bc7 25. Nce4 Nxe4 26. Nxe4 Qd8 27. f6 Ng6 28. Bg5
h6 29. Bc1 Ne5 30. fxg7 Qh4 31. Rf1 f5 32. g3 Qe7 33. Nf2 Qxg7 34. Kh1 Nf3 35.
Qd1 Ne5 36. Qh5 Nxd3 37. Nxd3 Qg4 38. Qxh6 Qe4+ 39. Kg1 Qxd3 40. Qg6+ Kh8 41.
Rf4 Qd1+ 42. Kg2 Bd8 43. Qh6+ Kg8 44. Qg6+ Kh8 45. Qh6+ Kg8 46. Qg6+ Kh8 1/2-1/2

[Event "World Rapid Women 2018"]
[Site "St Petersburg RUS"]
[Date "2018.12.28"]
[Round "12.3"]
[White "Gunina, Valentina"]
[Black "Goryachkina, Aleksandra"]
[Result "0-1"]
[WhiteTitle "GM"]
[BlackTitle "GM"]
[WhiteElo "2496"]
[BlackElo "2518"]
[WhiteFideId "4167570"]
[BlackFideId "4147103"]
[EventDate "2018.12.26"]

1. d4 d5 2. c4 c6 3. Nf3 Nf6 4. e3 Bf5 5. Nc3 e6 6. Nh4 Bg6 7. Nxg6 hxg6 8. Bd2
Nbd7 9. cxd5 exd5 10. Qb3 Rb8 11. O-O-O Be7 12. f3 b5 13. g4 b4 14. Na4 Qa5 15.
Kb1 Nb6 16. Nxb6 axb6 17. e4 O-O 18. e5 Ne8 19. f4 Nc7 20. f5 c5 21. e6 c4 22.
Qg3 Ra8 23. a3 Qa4 24. exf7+ Rxf7 25. Bg2 bxa3 26. fxg6 axb2 27. gxf7+ Kf8 28.
Ba5 Rxa5 0-1

[Event "World Rapid Women 2018"]
[Site "St Petersburg RUS"]
[Date "2018.12.28"]
[Round "12.4"]
[White "Muzychuk, Anna"]
[Black "Koneru, Humpy"]
[Result "1-0"]
[WhiteTitle "GM"]
[BlackTitle "GM"]
[WhiteElo "2569"]
[BlackElo "2541"]
[WhiteFideId "14111330"]
[BlackFideId "5008123"]
[EventDate "2018.12.26"]

1. e4 c5 2. Nf3 e6 3. d4 cxd4 4. Nxd4 a6 5. c4 Nf6 6. Nc3 Qc7 7. Be2 b6 8. O-O
Bb7 9. Qd3 d6 10. f4 Nbd7 11. b4 Rc8 12. Bd2 Be7 13. g4 g5 14. fxg5 Ne5 15. Qe3
Nfxg4 16. Qg3 h5 17. Rac1 Rg8 18. h3 Nf6 19. Kh2 Nxe4 20. Nxe4 Bxe4 21. Bxh5 Bg6
22. Be2 Qb7 23. Bf4 Be4 24. h4 Rh8 25. h5 Nd3 26. Rcd1 e5 27. Rxd3 Bxd3 28. Qxd3
exf4 29. g6 Bf6 30. Nf5 Be5 31. Bf3 Qd7 32. g7 Bxg7 33. Nxg7+ Kf8 34. Nf5 b5 35.
Qxd6+ Qxd6 36. Nxd6 Rc7 37. c5 Kg7 38. Re1 Rd7 39. Bg4 Ra7 40. c6 Kh6 41. Re5
Rg8 42. Bd7 f3 43. Nxf7+ Kh7 44. Ng5+ Kh6 45. Nxf3 a5 46. Rc5 axb4 47. c7 Rxa2+
48. Kh3 Ra3 49. Bg4 b3 50. Rxb5 Rf8 51. Rb6+ Kg7 52. c8=Q Rxc8 53. Bxc8 b2 54.
Kg3 Rc3 55. Bf5 Rc5 56. Kg4 Rc4+ 57. Kg5 1-0

[Event "World Rapid Women 2018"]
[Site "St Petersburg RUS"]
[Date "2018.12.28"]
[Round "12.5"]
[White "Lei, Tingjie"]
[Black "Assaubayeva, Bibisara"]
[Result "1-0"]
[WhiteTitle "GM"]
[BlackTitle "FM"]
[WhiteElo "2453"]
[BlackElo "2372"]
[WhiteFideId "8605114"]
[BlackFideId "13708694"]
[EventDate "2018.12.26"]

1. d4 Nf6 2. c4 g6 3. Nc3 Bg7 4. e4 d6 5. f3 O-O 6. Be3 c5 7. Nge2 Nc6 8. d5 Ne5
9. Ng3 e6 10. Be2 exd5 11. cxd5 a6 12. a4 h5 13. O-O h4 14. Nh1 Bd7 15. Nf2 b5
16. f4 Nc4 17. Bc1 Re8 18. Qc2 Qe7 19. Re1 Nb6 20. axb5 axb5 21. Rxa8 Rxa8 22.
Nxb5 Nbxd5 23. Qd1 Bxb5 24. Bxb5 Nc7 25. Bc4 Re8 26. Bd2 Qd7 27. Bf1 Ne6 28. Ng4
Nh5 29. f5 Nd4 30. Bc4 Kh7 31. Bc3 Qe7 32. Nf2 Be5 33. Qg4 Kg7 34. Nh3 Nf6 35.
Qg5 Nh5 36. Qd2 Qf6 37. Rf1 gxf5 38. Qd1 Qg6 39. exf5 Nxf5 40. Bd3 Bxc3 41. bxc3
Re5 42. Qf3 Kf6 43. Nf2 Ke6 44. Ng4 Nhg7 45. Nxe5 Kxe5 46. Qf4+ Ke6 47. Qe4+ Kf6
48. Qxh4+ Ke6 49. Re1+ Kd7 50. Qa4+ 1-0

[Event "World Rapid Women 2018"]
[Site "St Petersburg RUS"]
[Date "2018.12.28"]
[Round "12.7"]
[White "Lagno, Kateryna"]
[Black "Mammadova, Gulnar"]
[Result "1-0"]
[WhiteTitle "GM"]
[BlackTitle "IM"]
[WhiteElo "2560"]
[BlackElo "2368"]
[WhiteFideId "14109336"]
[BlackFideId "13403508"]
[EventDate "2018.12.26"]

1. e4 g6 2. d4 Bg7 3. Nc3 c6 4. Nf3 d6 5. Be3 Nf6 6. h3 O-O 7. Qd2 b5 8. Bd3 a6
9. Bh6 Bb7 10. e5 dxe5 11. dxe5 Nfd7 12. h4 Qc7 13. Bxg7 Kxg7 14. h5 Nxe5 15.
hxg6 Nxf3+ 16. gxf3 Qe5+ 17. Ne4 fxg6 18. Qh6+ Kf7 19. Qxh7+ Ke8 20. O-O-O Nd7
21. Nd6+ exd6 22. Rhe1 Qxe1 23. Rxe1+ Kd8 24. Qe7+ Kc7 25. Re6 Rad8 26. Rxd6
Rxf3 27. Bxg6 Rxf2 28. Rd1 Rff8 29. Rxd7+ Rxd7 30. Qxf8 Kb6 31. b4 Rd5 32. Be4
Rd7 33. Bf5 Rd5 34. Be6 Rh5 35. Qd8+ Ka7 36. Qc7 Rh8 37. Kb2 Ka8 38. Qb6 Rh6 39.
Bd7 Kb8 40. Bf5 Rd6 41. Qc5 Rd5 42. Qf8+ Ka7 43. Bc8 Kb6 44. Be6 Rh5 45. Qf2+ c5
46. Bf7 1-0

[Event "World Rapid Women 2018"]
[Site "St Petersburg RUS"]
[Date "2018.12.28"]
[Round "12.8"]
[White "Cramling, Pia"]
[Black "Muzychuk, Mariya"]
[Result "0-1"]
[WhiteTitle "GM"]
[BlackTitle "GM"]
[WhiteElo "2465"]
[BlackElo "2540"]
[WhiteFideId "1700030"]
[BlackFideId "14114550"]
[EventDate "2018.12.26"]

1. Nf3 c5 2. c4 Nc6 3. d4 cxd4 4. Nxd4 Nf6 5. Nc3 e6 6. a3 Bc5 7. e3 d5 8. cxd5
exd5 9. Be2 O-O 10. O-O Re8 11. Nb3 Bb6 12. Bf3 Be6 13. Na4 Bc7 14. Nac5 Qd6 15.
g3 Bh3 16. Re1 Ne5 17. Bh1 Bb6 18. Na4 Bg4 19. f3 Bd7 20. Nxb6 Qxb6 21. Nd4 Nc6
22. Nxc6 Bxc6 23. b4 Rad8 24. Bd2 d4 25. e4 d3+ 26. Be3 Qa6 27. a4 d2 28. Bxd2
Qb6+ 29. Kf1 Qd4 30. Re2 Bd7 31. Rc1 Be6 32. Qc2 Rc8 33. Bc3 Qd7 34. Rd2 Bh3+
35. Bg2 Qe6 36. Qd3 Nd7 37. Rcd1 Nb6 38. Bxh3 Qxh3+ 39. Kg1 Nxa4 40. Ba1 Qe6 41.
Qd4 Qb6 42. Qxb6 Nxb6 43. Ra2 a6 44. b5 axb5 45. Rb2 Rc5 46. Rdb1 Ra8 47. Rb3
Nc4 48. Bd4 Rc6 49. Bc3 h6 50. Be1 Ra2 51. Rc1 Ne5 52. Rcc3 Rxc3 53. Rxc3 b4 54.
Rb3 Ra3 55. Rxb4 Nxf3+ 56. Kf2 Nxh2 57. Rxb7 Ng4+ 58. Kg2 Re3 59. Bb4 Rxe4 60.
Kf3 Rc4 61. Bd6 h5 62. Rb5 Rc6 63. Bf4 g6 64. Rb3 Kg7 65. Ra3 Rc2 66. Ke4 Re2+
67. Kf3 Rf2+ 68. Ke4 Re2+ 69. Kf3 Re6 70. Rb3 Re7 71. Ra3 f6 72. Bd6 Rd7 73. Ra6
g5 74. Ke4 Kg6 75. Rb6 Ra7 76. Rb4 Ra2 77. Bc5 Re2+ 78. Kf3 Rc2 79. Bd4 Rd2 80.
Ke4 Re2+ 81. Kf3 Re6 82. Ra4 Kf5 83. Ra5+ Ne5+ 84. Kg2 Rc6 85. Ra2 Ng4 86. Re2
Rc4 87. Ba1 Re4 88. Rd2 Re1 89. Bc3 Rc1 90. Bb2 Rc2 91. Rxc2 Ne3+ 92. Kf3 Nxc2
93. Bc3 Na3 94. Bb4 Nc4 95. Bc3 Ne5+ 96. Kg2 Kg4 97. Bd4 Nd7 98. Bc3 f5 99. Bd2
Nc5 0-1

[Event "World Rapid Women 2018"]
[Site "St Petersburg RUS"]
[Date "2018.12.28"]
[Round "12.9"]
[White "Harika, Dronavalli"]
[Black "Javakhishvili, Lela"]
[Result "1-0"]
[WhiteTitle "GM"]
[BlackTitle "IM"]
[WhiteElo "2494"]
[BlackElo "2464"]
[WhiteFideId "5015197"]
[BlackFideId "13601458"]
[EventDate "2018.12.26"]

1. g3 c5 2. Bg2 Nc6 3. Nf3 g6 4. O-O Bg7 5. d3 e6 6. c3 Nge7 7. e4 e5 8. Nbd2
O-O 9. Nc4 d6 10. Rb1 h6 11. b4 cxb4 12. cxb4 b5 13. Ne3 Be6 14. a3 d5 15. exd5
Nxd5 16. Nxd5 Bxd5 17. Be3 Nd4 18. Nxd4 exd4 19. Bd2 Bxg2 20. Kxg2 Qd5+ 21. Qf3
Qa2 22. Bf4 Qxa3 23. Bd6 Rfe8 24. Bc5 a6 25. Rfe1 Bf8 26. Bxd4 Bg7 27. Bc5 a5
28. Re7 Qa2 29. bxa5 Reb8 30. Bd6 Rd8 31. Rxb5 Bf8 32. Rb2 Bxe7 33. Rxa2 Bxd6
34. a6 Ra7 35. Qe3 Rda8 36. Qb6 Bc7 37. Qc6 Be5 38. Qb6 Bc7 39. Qc5 Bd8 40. Qb5
Bf6 41. Qb6 Kg7 42. d4 Rd7 43. Ra4 Raa7 44. h4 Bd8 45. Qc6 Rac7 46. Qxd7 1-0

[Event "World Rapid Women 2018"]
[Site "St Petersburg RUS"]
[Date "2018.12.28"]
[Round "12.10"]
[White "Saduakassova, Dinara"]
[Black "Stefanova, Antoaneta"]
[Result "1-0"]
[WhiteTitle "IM"]
[BlackTitle "GM"]
[WhiteElo "2472"]
[BlackElo "2486"]
[WhiteFideId "13700090"]
[BlackFideId "2902257"]
[EventDate "2018.12.26"]

1. e4 c6 2. d4 d5 3. Nd2 dxe4 4. Nxe4 Nf6 5. Nxf6+ exf6 6. Bc4 Na6 7. Ne2 Nc7 8.
O-O Be7 9. Nf4 O-O 10. Bd3 f5 11. c3 g6 12. Be3 Bf6 13. Qf3 Ne6 14. Nxe6 Bxe6
15. Bh6 Re8 16. Rfd1 a5 17. Bf4 a4 18. a3 Bd5 19. Qg3 Qd7 20. c4 Be4 21. Be3
Bxd3 22. Rxd3 c5 23. d5 b5 24. Rd2 bxc4 25. Bxc5 Ra5 26. Bb4 Rxd5 27. Rxd5 Qxd5
28. Bc3 Bxc3 29. Qxc3 Qd3 30. Qxd3 cxd3 31. Rd1 Re2 32. Kf1 Rxb2 33. Rxd3 Ra2
34. g3 Kg7 35. h4 h6 36. Kg2 g5 37. hxg5 hxg5 38. Kf3 Kf6 39. Re3 Rb2 40. Rd3
Ra2 41. Kg2 Ke5 42. Re3+ Kd4 43. Rf3 Ke5 44. Re3+ Kf6 45. Rd3 g4 46. Rc3 Kg5 47.
Rd3 Kf6 48. Rc3 Ke5 49. Rc5+ Ke6 50. Rc3 Kd5 51. Re3 Kd4 52. Kg1 Rb2 53. Re7 Rb3
54. Rxf7 Ke5 55. Re7+ Kd4 56. Rf7 Ke4 57. Re7+ Kf3 58. Re5 f4 59. Rf5 Rb1+ 60.
Kh2 Kxf2 61. Rxf4+ Ke3 62. Rxg4 Rb3 63. Rxa4 Kf3 64. Rf4+ Ke3 65. a4 Ra3 66. Kh3
Rb3 67. Kg4 Rb8 68. a5 Rg8+ 69. Kh3 Ra8 70. Ra4 Kf3 71. Ra3+ Ke4 72. a6 Ra7 73.
Ra4+ Kf3 74. Ra3+ Ke4 75. g4 Kf4 76. Ra4+ Kg5 77. Kg3 1-0

[Event "World Rapid Women 2018"]
[Site "St Petersburg RUS"]
[Date "2018.12.28"]
[Round "12.11"]
[White "Arabidze, Meri"]
[Black "Galliamova, Alisa"]
[Result "1-0"]
[WhiteTitle "IM"]
[BlackTitle "IM"]
[WhiteElo "2387"]
[BlackElo "2444"]
[WhiteFideId "13604040"]
[BlackFideId "4129725"]
[EventDate "2018.12.26"]

1. Nf3 d5 2. e3 g6 3. c4 e6 4. d4 Bg7 5. Nc3 Ne7 6. Be2 O-O 7. b4 a5 8. b5 c5 9.
bxc6 bxc6 10. Ba3 Ba6 11. O-O Re8 12. Rc1 dxc4 13. Ne4 Nc8 14. Bxc4 Bxc4 15.
Rxc4 f5 16. Nc5 Nd6 17. Rc2 Nb5 18. Bb2 Nd7 19. a4 Nd6 20. Nxd7 Qxd7 21. Ne5 Qb7
22. Nxc6 Rec8 23. Qc1 Kh8 24. Ba3 Bf8 25. Qa1 Kg8 26. Rfc1 Qd7 27. Qa2 Bg7 28.
Bxd6 Qxd6 29. Ne7+ Qxe7 30. Rxc8+ Rxc8 31. Rxc8+ Kf7 32. Qc4 Qa3 33. Qc7+ Kf6
34. Qd8+ 1-0

[Event "World Rapid Women 2018"]
[Site "St Petersburg RUS"]
[Date "2018.12.28"]
[Round "12.12"]
[White "Gaponenko, Inna"]
[Black "Girya, Olga"]
[Result "1-0"]
[WhiteTitle "IM"]
[BlackTitle "WGM"]
[WhiteElo "2420"]
[BlackElo "2454"]
[WhiteFideId "14101181"]
[BlackFideId "4195752"]
[EventDate "2018.12.26"]

1. e4 c6 2. d4 d5 3. e5 Bf5 4. Nf3 e6 5. Be2 Ne7 6. c3 Ng6 7. O-O f6 8. Na3 fxe5
9. dxe5 Bxa3 10. bxa3 O-O 11. Nd4 Nxe5 12. g4 Be4 13. Nxe6 Qf6 14. Nxf8 Nf3+ 15.
Bxf3 Bxf3 16. Nxh7 Qxc3 17. Bb2 Bxd1 18. Bxc3 Bxg4 19. Ng5 Nd7 20. Rfe1 c5 21.
Re7 d4 22. Bd2 Rc8 23. Rae1 Rc6 24. Ne6 Kh8 25. Rxd7 Bxe6 26. Rxb7 Bd5 27. Rb8+
Kh7 28. Bf4 c4 29. Rd8 Rf6 30. Be5 Rg6+ 31. Bg3 Bf3 32. Rxd4 Rc6 33. Re3 c3 34.
Rxf3 c2 35. Bf4 1-0

[Event "World Rapid Women 2018"]
[Site "St Petersburg RUS"]
[Date "2018.12.28"]
[Round "12.13"]
[White "Shuvalova, Polina"]
[Black "Ovod, Evgenija"]
[Result "1-0"]
[WhiteTitle "WIM"]
[BlackTitle "IM"]
[WhiteElo "2441"]
[BlackElo "2367"]
[WhiteFideId "24171760"]
[BlackFideId "4131827"]
[EventDate "2018.12.26"]

1. e4 e6 2. d4 d5 3. Nd2 c5 4. exd5 Qxd5 5. Ngf3 cxd4 6. Bc4 Qd7 7. O-O Nc6 8.
Nb3 Nf6 9. Nbxd4 Nxd4 10. Nxd4 a6 11. Re1 b5 12. Bb3 Bb7 13. a4 Bc5 14. Be3 O-O
15. Nxe6 Qc6 16. Nf4 g5 17. Nd5 Rad8 18. axb5 axb5 19. Bxc5 Nxd5 20. Bxf8 Nf4
21. Qg4 Rxf8 22. Re5 Kh8 23. Rxg5 h6 24. Qxf4 hxg5 25. Qxg5 Qe4 26. h3 Kh7 27.
Qh5+ Kg7 28. Qg4+ Qxg4 29. hxg4 Kf6 30. Ra7 Bc8 31. f3 Kg6 32. Kf2 f6 33. Rc7
Rd8 34. c3 Kh6 35. Kg3 Bd7 36. Bc2 Kg5 37. f4+ Kh6 38. Kh4 b4 39. g5+ fxg5+ 40.
fxg5+ Kg7 41. Bf5 bxc3 42. bxc3 Kh8 43. Rxd7 Rf8 44. Kg4 Kg8 45. g6 Rf6 46. Kg5
Rc6 47. c4 Kh8 48. Kh6 Re6 49. Rd8+ 1-0

[Event "World Rapid Women 2018"]
[Site "St Petersburg RUS"]
[Date "2018.12.28"]
[Round "12.14"]
[White "Paehtz, Elisabeth"]
[Black "Mammadzada, Gunay"]
[Result "1-0"]
[WhiteTitle "IM"]
[BlackTitle "IM"]
[WhiteElo "2487"]
[BlackElo "2422"]
[WhiteFideId "4641833"]
[BlackFideId "13403729"]
[EventDate "2018.12.26"]

1. d4 d5 2. Bf4 Nf6 3. e3 c5 4. Nf3 e6 5. Nbd2 Bd6 6. Bg3 Qc7 7. dxc5 Bxg3 8.
hxg3 Qxc5 9. Ne5 Nc6 10. Nd3 Qe7 11. g4 e5 12. Be2 Be6 13. c3 a5 14. Qa4 Qd6 15.
g5 Nd7 16. Qh4 Nc5 17. a4 Bf5 18. Nxc5 Qxc5 19. e4 Bg6 20. exd5 Qxd5 21. Nc4 Rd8
22. Kf1 O-O 23. Rh3 f5 24. Ne3 Qc5 25. Bc4+ Kh8 26. Qxh7+ Bxh7 27. g6 Qxc4+ 28.
Nxc4 Rf6 29. Rxh7+ Kg8 30. Rh5 e4 31. Ke2 Ne7 32. Ne3 Rdf8 33. g3 Rxg6 34. Rd1
Re6 35. Rd7 b6 36. Nc2 Nc6 37. Rd5 g6 38. Rh1 Rfe8 39. Rb5 Na7 40. Rd5 Nc6 41.
Rd7 R8e7 42. Rxe7 Rxe7 43. Rd1 Kf7 44. Ne3 Ne5 45. Rd5 Re6 46. Rb5 Nd7 47. Nc4
Kf6 48. b3 Rc6 49. Kd2 g5 50. Kc2 f4 51. Rd5 Nc5 52. g4 Ne6 53. Rf5+ Ke7 54. Re5
Kf6 55. Rxe4 Nc5 56. Re5 Nxa4 57. Rf5+ Ke6 58. Rxg5 Nc5 59. Rg6+ Kd5 60. Nxb6+ 1-0

[Event "World Rapid Women 2018"]
[Site "St Petersburg RUS"]
[Date "2018.12.28"]
[Round "12.15"]
[White "Guichard, Pauline"]
[Black "Dzagnidze, Nana"]
[Result "1-0"]
[WhiteTitle "WGM"]
[BlackTitle "GM"]
[WhiteElo "2378"]
[BlackElo "2513"]
[WhiteFideId "639370"]
[BlackFideId "13601903"]
[EventDate "2018.12.26"]

1. d4 d5 2. Bf4 Nf6 3. e3 c5 4. Nf3 Nc6 5. Nbd2 cxd4 6. exd4 Bf5 7. Bb5 e6 8.
Ne5 Qb6 9. c4 Bb4 10. Qa4 O-O 11. c5 Qc7 12. Bxc6 Bxd2+ 13. Bxd2 bxc6 14. Qxc6
Qb8 15. Bc3 a5 16. Qa4 Ne4 17. O-O Nxc3 18. bxc3 Qb2 19. Rac1 Rfb8 20. Qd7 Rb7
21. Qd6 Rc8 22. Nc6 Re8 23. Nxa5 Ra7 24. Nc6 Rb7 25. Nb4 h5 26. h3 Ra7 27. c6
Qa3 28. Rfe1 Rc8 29. Qc5 Qa5 30. Qxa5 Rxa5 31. Re2 Kf8 32. c4 Ra4 33. Rb2 dxc4
34. Rxc4 Be4 35. Rc3 Ke7 36. f3 Bd5 37. a3 Kd6 38. Rbc2 Rc7 39. Kf2 h4 40. Ke3
f6 41. Kd2 g5 42. Kc1 Ra5 43. Kb2 Ra4 44. Rc5 Ra8 45. Rb5 Rca7 46. Rc3 Rc8 47.
Rb6 Rac7 48. a4 Ra8 49. Ra3 Ra5 50. Rb5 Rca7 51. Rxa5 Rxa5 52. Kc3 Bxc6 53. Nxc6
Kxc6 54. Kb4 Rd5 55. Kc4 Ra5 56. Rc3 Ra8 57. Rc1 Kd6 58. Ra1 Rc8+ 59. Kd3 Rd8
60. a5 Kc7 61. Kc4 Kb7 62. Rb1+ Ka7 63. Rb6 Re8 64. Kc5 e5 65. d5 f5 66. d6 e4
67. d7 Rd8 68. Kc6 e3 69. Rb5 e2 70. Re5 1-0

[Event "World Rapid Women 2018"]
[Site "St Petersburg RUS"]
[Date "2018.12.28"]
[Round "12.16"]
[White "Voit, Daria"]
[Black "Ushenina, Anna"]
[Result "1/2-1/2"]
[WhiteTitle "FM"]
[BlackTitle "GM"]
[WhiteElo "2358"]
[BlackElo "2440"]
[WhiteFideId "4182146"]
[BlackFideId "14110911"]
[EventDate "2018.12.26"]

1. Nf3 d5 2. c4 dxc4 3. e3 Be6 4. Na3 Bd5 5. Nxc4 e6 6. b3 Nf6 7. Bb2 Be7 8. Rc1
c5 9. Be2 O-O 10. O-O b6 11. d4 Nbd7 12. Nce5 Rc8 13. Ba6 Rc7 14. Qe2 Qa8 15.
Rfd1 Nxe5 16. dxe5 Nd7 17. Ne1 Nb8 18. Bc4 Rd8 19. Bxd5 Rxd5 20. Rxd5 Qxd5 21.
Rd1 Qc6 22. Qf3 Qxf3 23. Nxf3 Nc6 24. Kf1 Nb4 25. a3 Nc6 26. Bc3 Kf8 27. Ke2 c4
28. b4 a6 29. Nd2 b5 30. Ne4 a5 31. Nd6 axb4 32. axb4 Bxd6 33. Rxd6 Ke7 34. f4
f6 35. h4 fxe5 36. fxe5 Kf7 37. e4 Ke7 38. g4 Nd8 39. Rb6 Rb7 40. Ra6 Kd7 41.
Rd6+ Kc7 42. Bd4 Nc6 43. Bc3 Nd8 44. Bd4 Nc6 45. Bc3 Ra7 46. Rxe6 Ra2+ 47. Ke3
Rc2 48. Be1 Re2+ 49. Kxe2 Nd4+ 50. Ke3 Nxe6 51. Bc3 Kd7 52. Bb2 Kc6 53. Bc3 Kd7
54. Bb2 Ke7 55. Bc3 Kf7 56. Bb2 Kg6 57. Bc3 h5 58. g5 Kf7 59. Bb2 Ke7 60. Bc3
Kd7 61. Bb2 Nf8 62. Kd4 Ne6+ 63. Ke3 Kc6 64. Bc3 g6 65. Bb2 Nd8 66. Kd4 Ne6+ 67.
Ke3 Kd7 68. Bc3 Kc8 69. Bb2 Kb7 70. Bc3 Kc6 71. Bb2 Nd8 72. Kd4 Ne6+ 73. Ke3 Kd7
74. Bc3 Kc6 1/2-1/2

[Event "World Rapid Women 2018"]
[Site "St Petersburg RUS"]
[Date "2018.12.28"]
[Round "12.17"]
[White "Garcia Martin, Marta"]
[Black "Khotenashvili, Bela"]
[Result "1-0"]
[WhiteTitle "FM"]
[BlackTitle "GM"]
[WhiteElo "2301"]
[BlackElo "2479"]
[WhiteFideId "32084030"]
[BlackFideId "13602640"]
[EventDate "2018.12.26"]

1. e4 c6 2. d4 d5 3. exd5 cxd5 4. Bd3 Nc6 5. c3 g6 6. Nf3 Bg7 7. O-O Nf6 8. h3
Bf5 9. Bxf5 gxf5 10. Bf4 e6 11. Ne5 Ne4 12. Nxc6 bxc6 13. Nd2 O-O 14. Nf3 c5 15.
dxc5 Nxc5 16. Ne5 Ne4 17. Qe2 f6 18. Nf3 e5 19. Bh2 Qb6 20. Nh4 Qe6 21. f3 Nd6
22. Rad1 Nc4 23. Kh1 Bh6 24. f4 Bg7 25. b3 Nd6 26. Qa6 Rad8 27. Bg1 Bh6 28. c4
d4 29. c5 Qc8 30. Qxc8 Nxc8 31. Nxf5 Bxf4 32. Bxd4 Rd5 33. Bg1 Rfd8 34. Rxd5
Rxd5 35. g3 Bd2 36. Rd1 Kf7 37. Ne3 Rd4 38. Nc4 Be3 39. Nxe3 1-0

[Event "World Rapid Women 2018"]
[Site "St Petersburg RUS"]
[Date "2018.12.28"]
[Round "12.18"]
[White "Zhao, Xue"]
[Black "Nguyen, Thi Mai Hung"]
[Result "1-0"]
[WhiteTitle "GM"]
[BlackTitle "WGM"]
[WhiteElo "2485"]
[BlackElo "2280"]
[WhiteFideId "8601283"]
[BlackFideId "12401676"]
[EventDate "2018.12.26"]

1. Nf3 Nf6 2. c4 c6 3. e3 d5 4. Qc2 g6 5. b3 Bg7 6. Bb2 O-O 7. Be2 Nbd7 8. O-O
Re8 9. Nc3 e5 10. cxd5 Nxd5 11. Ne4 Qe7 12. d3 f5 13. Ned2 N7b6 14. Rfe1 Nb4 15.
Qb1 c5 16. a3 Nc6 17. Rc1 Be6 18. Qc2 Nd7 19. Bf1 Rac8 20. Rab1 a6 21. Qd1 b5
22. Ba1 Bf7 23. Rc2 Red8 24. Qc1 Na7 25. Ne1 Nf6 26. Be2 Nd5 27. Bf1 Nf6 28.
Ndf3 Nd5 29. e4 Nb6 30. g3 Nd7 31. exf5 gxf5 32. Nh4 Be6 33. Bh3 Qf6 34. Nef3
Nc6 35. b4 Bh6 36. Qe1 cxb4 37. axb4 Nd4 38. Rxc8 Rxc8 39. Nxd4 exd4 40. Bxd4
Qf7 41. Qe2 Bg7 42. Bxg7 Kxg7 43. Re1 Nf8 44. Bxf5 Bxf5 45. Qe5+ Kg8 46. Nxf5
Ng6 47. Nh6+ Kf8 48. Qd6+ 1-0

[Event "World Rapid Women 2018"]
[Site "St Petersburg RUS"]
[Date "2018.12.28"]
[Round "12.19"]
[White "Munkhzul, Turmunkh"]
[Black "Batsiashvili, Nino"]
[Result "1/2-1/2"]
[WhiteTitle "WFM"]
[BlackTitle "GM"]
[WhiteElo "2255"]
[BlackElo "2459"]
[WhiteFideId "4901878"]
[BlackFideId "13602993"]
[EventDate "2018.12.26"]

1. e4 c6 2. d4 d5 3. exd5 cxd5 4. Bd3 Nc6 5. c3 Qc7 6. Ne2 Bg4 7. O-O e6 8. Qe1
Bh5 9. Nf4 Bg6 10. Nxd5 Qd6 11. Nf4 Nf6 12. h3 Be7 13. Na3 Qb8 14. Nc4 b5 15.
Ne5 Nxe5 16. dxe5 Bxd3 17. Nxd3 Nd5 18. Nf4 Nb6 19. Qe4 O-O 20. b3 Qc7 21. Bb2
a5 22. Rad1 a4 23. Rd2 a3 24. Ba1 Rad8 25. Rfd1 Rxd2 26. Rxd2 Bg5 27. Rd1 Bxf4
28. Qxf4 Rd8 29. Rd6 Nc8 30. Rxd8+ Qxd8 31. Qc1 Nb6 32. Qxa3 Qd1+ 33. Kh2 Qxa1
34. Qd6 h6 35. Qd8+ Kh7 36. Qxb6 Qxa2 37. Qxb5 Qxf2 38. Qd3+ Kg8 39. Qg3 Qc5 40.
b4 Qc4 41. Qe3 h5 42. Qd4 Qb5 43. h4 g6 44. Kg3 Qe2 45. Kh2 Qb5 46. Qd8+ Kg7 47.
Qf6+ Kg8 48. Qf4 Kg7 49. Qd4 Kg8 50. Kg1 Qe2 51. Kh2 Qb5 52. Kh3 Kg7 53. Qc5
Qd3+ 54. Kh2 g5 55. Qd4 Qf5 56. hxg5 Qxg5 57. b5 h4 58. b6 Qg3+ 59. Kh1 Qe1+ 60.
Qg1 Qxc3 61. b7 Qb4 62. Qa7 Qe1+ 63. Qg1 Qb4 64. Qa7 Qe1+ 65. Qg1 Qb4 66. Qa7
Qe1+ 67. Qg1 Qb4 1/2-1/2

[Event "World Rapid Women 2018"]
[Site "St Petersburg RUS"]
[Date "2018.12.28"]
[Round "12.20"]
[White "Danielian, Elina"]
[Black "Maletina, Tatiana"]
[Result "0-1"]
[WhiteTitle "GM"]
[BlackTitle "WIM"]
[WhiteElo "2427"]
[BlackElo "2270"]
[WhiteFideId "13300210"]
[BlackFideId "24145084"]
[EventDate "2018.12.26"]

1. Nf3 d5 2. e3 c6 3. c4 Nf6 4. Nc3 a6 5. b3 Bg4 6. Be2 Bxf3 7. Bxf3 e5 8. Bb2
e4 9. Be2 Bd6 10. d3 O-O 11. dxe4 dxe4 12. Qc2 Qe7 13. Rd1 Nbd7 14. O-O Rfe8 15.
Rd2 Rad8 16. Rfd1 Bc7 17. a3 a5 18. Rd4 Qe5 19. g3 Qf5 20. b4 axb4 21. axb4 h6
22. f4 Nf8 23. Rxd8 Rxd8 24. Rxd8 Bxd8 25. Bf3 Be7 26. Nxe4 Nxe4 27. Bxe4 Qe6
28. c5 f5 29. Bxf5 Qxe3+ 30. Kg2 Bf6 31. Bxf6 gxf6 32. Bd3 Qe1 33. Qc4+ Kg7 34.
Qe4 Qd2+ 35. Kh3 Kh8 36. Qe7 Qxd3 37. Qxf8+ Kh7 38. Qf7+ Kh8 39. Qxf6+ Kh7 40.
Qe7+ Kg8 41. Qe6+ Kh7 42. Qe7+ Kg8 43. Qe8+ Kh7 44. Qf7+ Kh8 45. Qf6+ Kh7 46.
Qe5 Qf1+ 47. Kh4 Qf2 48. h3 Qd2 49. f5 Qg5# 0-1